000 00831nas a2200265 4500
001 BR0402955
003 BR-BrBNA
005 20231205104614.0
007 ta
008 230509b bl.|||p| |||| 00| 00por d
040 _aBR-BrBNA
_bpor
_cBiblioteca Nacional de Agricultura
041 _a(Pt)
072 _aT10
100 1 _aVenturoli, F.
100 1 _aFiedler, N.C.
100 1 _aMinetti, L.J.
100 1 _aMartins, I.S.
245 1 _aAvaliação do nível de ruído em marcenarias no Distrito Federal, Brasil
650 _aFABRICAÇÃO DE MÓVEIS
650 _aRUÍDO
650 _aFATORES ERGONÔMICOS
773 0 _tRevista Brasileira de Engenharia Agrícola e Ambiental (Brazil)
_xISSN 1415-4366
_g(Sep-Dec 2003), v. 7(3) p. 547-551
_wBR0402955
909 _a202311
_bLúcia
_c55
_dLúcia Elande
942 _2AGRIS
_n0
_cANA
999 _c178929
_d178929